| 000 | nam a22 7a 4500 | ||
|---|---|---|---|
| 999 |
_c329409 _d329409 |
||
| 003 | Nust | ||
| 005 | 20170505113325.0 | ||
| 008 | 170505b xxu||||| |||| 00| 0 eng d | ||
| 020 | _a9788131709429 | ||
| 040 | _c0 | ||
| 082 | _a519 BRA | ||
| 100 |
_aBradie,Brian _943 |
||
| 245 |
_aA Friendly Introduction to Numerical Analysis _cBrian Bradie |
||
| 260 |
_aIndia _bPEARSON _c2012 |
||
| 300 | _a973p. | ||
| 500 | _aP.B | ||
| 942 |
_2ddc _cBK _k519 BRA |
||